000 01008nam0a22002531 4500
001 v19\rc\1956914
005 20250619211133.0
035 _a(NLR Aleph) 005041175
090 _a6795228
_c6795228
100 _a20080428d1913 |||y0rusy50 ca
101 0 _arus
102 _aRU
105 _ay z |||||
200 1 _aПравила для участников Кассы
_fБольнич. касса при Полазнин. верх. и нижн. з-де кн. С.С. Абамелек-Лазарева
210 _aПермь
_d1913
215 _a6 с.
300 _aНа тит. л. также бланк личного билета участника кассы
710 0 2 _aПолазнинский железоделательный завод С.С. Абамелек-Лазарева
_cПермск. губ.
_bБольничная касса
801 0 _aRU
_bNLR
_gpsbo
801 0 _aRU
_bRuMoRGB
_2psbo
801 1 _aRU
_bProSoft-M
_2rusmarc
852 _aNLR
_j37.45.10.417
942 _cBOOK
980 _aNB